000 00814cab a2200313 4500
001 X603
008 090401t1993 xxu||||| |||| 00| 0 eng d
035 _a(Sirsi) u66501
041 _aeng
245 _aApplying for costs
260 _c1993
350 _a0
490 _aCSW - The Property Week
_v43(4) 22 April 1993, 54-55(1)
650 _aCITIZENS CHARTER
650 _aCompulsory purchase
_96228
650 _aCOSTS
650 _aDEVELOPMENT PLANS
650 _aDOE CIRCULAR 02/1987
650 _aDOE CIRCULAR 23/1991
650 _aDOE CIRCULAR 08/1993
650 _aDOE CIRCULARS
650 _aPLANNING APPEALS
650 _aPROFESSIONAL BRIEFING
650 _aREFUSAL
650 _aUNREASONABLE BEHAVIOUR
690 _aPLANNING LAW AND PRACTICE
942 _n0
948 _c04/03/1997
999 _c41545
_d41545